00390nam a2200157Ia 4500003000400000008004100004040001600045082001300061100001800074245003200092260004200124300001000166650001500176650001900191650002200210GCL140319s9999 xx 000 0 eng d aGCL / cGCL04a843bS B1 aSEBBER, LEILA10aLE BDISER / cSEBBER, LEILA a[S.N] : bHACHETTE JEUNESSE ، c1992 a158 P04aLITERATURE04aFRENCH FICTION04aFRENCH LITERATURE